A Guide to Commercial Radio Journalism / (Record no. 2370)

MARC details
000 -LEADER
fixed length control field 00625nam a2200217 a 4500
001 - CONTROL NUMBER
control field 00009253
008 - FIXED-LENGTH DATA ELEMENTS--GENERAL INFORMATION
fixed length control field 110328s1999 a g 000 0 eng d
020 ## - INTERNATIONAL STANDARD BOOK NUMBER
ISBN 0240515471 :
Terms of availability TK.2238.88
040 ## - CATALOGING SOURCE
Original cataloging agency BD-Dh-IUB
Transcribing agency BD-Dh-IUB
082 04 - DEWEY DECIMAL CLASSIFICATION NUMBER
Classification number 070.194
Edition number 19
100 1# - MAIN ENTRY--PERSONAL NAME
Personal name Gage, Linda
245 00 - TITLE STATEMENT
Title A Guide to Commercial Radio Journalism /
Statement of responsibility, etc Linda Gage
250 ## - EDITION STATEMENT
Edition statement 2nd ed.
260 ## - PUBLICATION, DISTRIBUTION, ETC. (IMPRINT)
Place of publication, distribution, etc Oxford :
Name of publisher, distributor, etc Focal Press,
Date of publication, distribution, etc 1999.
300 ## - PHYSICAL DESCRIPTION
Extent xv,176p. :
Other physical details illus ;
Dimensions 23cm
520 0# - SUMMARY, ETC.
Summary, etc Communication
556 ## - INFORMATION ABOUT DOCUMENTATION NOTE
Information about documentation note 01\11\04
650 17 - SUBJECT ADDED ENTRY--TOPICAL TERM
Topical term or geographic name as entry element Radio News
Source of heading or term Spines
650 17 - SUBJECT ADDED ENTRY--TOPICAL TERM
Topical term or geographic name as entry element Commercial publications
Source of heading or term Spines
Holdings
Withdrawn status Lost status Source of classification or shelving scheme Damaged status Not for loan Home library Current library Shelving location Date acquired Source of acquisition Cost, normal purchase price Total Checkouts Full call number Barcode Date last seen Date checked out Copy number Price effective from Koha item type
    Dewey Decimal Classification     Library, Independent University, Bangladesh (IUB) Library, Independent University, Bangladesh (IUB) General Stacks 21/04/2011   0.00 1 070.194 G132g 014614 12/07/2011 03/07/2011 1 16/05/2011 Books